00375nam a2200145Ia 4500008004100000020001500041041000800056082001700064100001800081245004000099250000600139260006200145300001300207650000900220210716s2004 xx 000 0 und d a8173665575 aeng a005.268 ALLD aAllen, David. aWindows to linux migration toolkit. a1 aMumbaibShroff Publishers and Distributors Pvt Ltdc2004 axxxi,490 aNone